00512nam a2200169Ia 450000500170000000800410001704000190005804100120007708200170008910000220010624500410012826000390016930000300020865000200023865100740025885000100033220230710134738.0131103s9999 xx 000 0 und d aLoreto College aEnglish a572.994bLOC aLockwood, Douglas aWe, the aboriginescDouglas Lockwood aMelbournebCassell Australiac1963 a259p.b platesill photos aAnthropology -  aCulture and institution - Indigenous racial,ethnic,national groups -  aLCLIB